000 01040nam a22003017a 4500
999 _c8078
_d8078
001 21606
003 BD-DhUAP
005 20220622124546.0
008 840605s1985 nyua b 001 0 eng
020 _a9780140444421
040 _aBD-DhUAP
_cBD-DhUAP
_dBD-DhUAP
_beng
_eBD-DhUAP
041 1 _aengita
082 0 0 _a851.1 DAN
_219
100 0 _aDante Alighieri,
_d1265-1321.
240 1 0 _aPurgatorio.
_lEnglish
245 1 0 _aThe Divine Comedy :
_c translated with an introduction, notes, and commentary by Mark Musa/
_bDante Alighieri
260 _aNew York, N.Y., U.S.A. :
_bPenguin Books,
_c1985.
300 _axxiv, 399 p. :
_bill. ;
_c20 cm.
440 0 _aPengiun classics
490 1 _aThe divine comedy / Dante Alighieri ;
_vv. 2
500 _aTranslation of: Purgatorio.
500 _aIncludes index.
504 _aBibliography: p. 395-399.
650 0 _aPurgatory
_xPoetry.
700 1 _aMusa, Mark.
800 0 _aDante Alighieri,
_d1265-1321.
_tDivina commedia.
_lEnglish (Harmondsworth, Middlesex) ;
_vv. 2.
942 _2ddc
_cBK